| 000 | 00587nam a2200169Ia 4500 | ||
|---|---|---|---|
| 008 | 230925s9999||||xx |||||||||||||| ||und|| | ||
| 082 | _a621.3 QUR | ||
| 100 |
_aQureshi, Hammad Ali (320119) _9118261 |
||
| 245 | 2 | _aA Tunable LCL Resonant Immittance Network Based Triple-Active-Bridge Converter Utilizing a Hybrid Modulation Scheme for Wide-Range High-Efficiency Operation / | |
| 260 |
_bUSPCAS-E, NUST,Islamabad : _c2023 |
||
| 300 | _avii, 55 p. | ||
| 520 | _aTH-481 | ||
| 650 |
_vMS Thesis _918721 |
||
| 650 | _vMS-EEP Thesis | ||
| 700 | _aDr. Muhammad Numan | ||
| 942 |
_cTHE _2ddc |
||
| 999 |
_c603228 _d603228 |
||